Quiz sul veneto - Statistics

Statistiche generali
  • Questo quiz è stato fatto 136 volte
  • Il punteggio medio è 13 su 23
Statistiche sulle risposte
DOMANDE RISPOSTE % Corretto
Capoluogo Venezia
99%
Emilia Romagna
95%
Friuli Venezia Giulia
93%
Regionicon cui confina Lombardia
93%
Trentino Alto Adige
93%
Fiume più lungo Po
88%
Cosa si lavora a Murano Vetro
88%
Animale presente nella sua bandiera Leone
84%
Provincia più piccola Rovigo
84%
Provincia più grande Belluno
80%
Lago più grande Lago di Garda
80%
Mare che lo bagna Mar Adriatico
79%
Vino bianco DOC più famoso Prosecco
74%
Vetta più alta Marmolada
50%
Cibo più mangiato in Veneto Polenta
48%
La Serenissima, fu il primo stato al mondo ad abolire la _________ Schiavitù
35%
Santo patrono della regione San Marco Evangelista
26%
Famoso storico nato a Padova(scrisse Ab Urbe condita libri) Tito Livio
21%
Strumento musicale nato per la prima volta a Padova Pianoforte
20%
Parola veneta che indica una persona curiosa, che sa tutto di tutti e che ha sempre qualcosa da dire. Betonega/pettoa
7%
Ha il _____ più famoso d'Europa Ghetto
4%
I fratelli ____ scoprirono l'Americaprima di Cristoforo Colombo Zeno
3%
"Veneto" significa originariamentepopolo ____ Mite
1%
Nessun quiz corrispondente trovato
Distribuzione punteggi
Percentuale di utenti per punteggio
Percentile per numero di risposta
I tuoi punteggi nel tempo
Non hai fatto questo quiz